| 000 | 00579nam a22002057a 4500 | ||
|---|---|---|---|
| 003 | OSt | ||
| 005 | 20140310182828.0 | ||
| 008 | 130530t xxu||||| |||| 00| 0 eng d | ||
| 020 | _a9781906403041 | ||
| 050 |
_aHV 6679 _b.D761 2009 |
||
| 082 |
_aM 332.024 _bD761 2009 |
||
| 245 |
_aHow to Protect Yourself from Identity Theft _cDrake, Elizabeth |
||
| 260 |
_aCranborne Kent TN18 5AD _bGlobal Publishing Professional Ltd. _cc2009 |
||
| 300 | _a284 p. | ||
| 521 | _acollege students | ||
| 526 | _c1210L-1700L | ||
| 541 | _j1 | ||
| 562 | _e1 | ||
| 942 |
_2lcc _cBK-RES _kM |
||
| 999 |
_c16548 _d16548 |
||